Estatísticas para Transferências Mais Caras do Futebol

Clique aqui para jogar o quiz

Estatísticas Gerais

  • Esse quiz foi jogado 943 vezes
  • A pontuação média é 15 de 30

Estatísticas das Respostas

Valor (€)AnoDestinoJogador% Correto
222 mi2017Paris SGNeymar
99%
94 mi2009Real MadridCristiano Ronaldo
96%
100 mi2018JuventusCristiano Ronaldo
96%
135 mi2018Paris SGKylian Mbappé
84%
120 mi2018BarcelonaPhilippe Coutinho
74%
126 mi2019Atlético MadridJoão Félix
68%
105 mi2016Man. UnitedPaul Pogba
68%
100 mi2013Real MadridGareth Bale
61%
120 mi2019BarcelonaAntoine Griezmann
61%
82.3 mi2014BarcelonaLuis Suárez
60%
105 mi2017BarcelonaOusmane Dembélé
59%
100 mi2019Real MadridEden Hazard
57%
80 mi2019Inter MilanRomelu Lukaku
47%
85 mi2017Man. UnitedRomelu Lukaku
47%
77.5 mi2001Real MadridZinedine Zidane
45%
84.5 mi2018LiverpoolVirgil van Dijk
45%
75 mi2015Man. CityKevin De Bruyne
44%
69.5 mi2009BarcelonaZlatan Ibrahimovic
39%
75.6 mi2014Man. UnitedAngel Di Maria
36%
90 mi2016JuventusGonzalo Higuain
35%
87 mi2019Man. UnitedHarry Maguire
33%
80 mi2018ChelseaKepa Arrizabalaga
32%
75 mi2019BarcelonaFrenkie de Jong
29%
76 mi2014Real MadridJames Rodríguez
27%
80 mi2019ArsenalNicolas Pépé
25%
75 mi2019JuventusMatthijs de Ligt
24%
70 mi2019Man. CityRodri
20%
80 mi2019Bayern MunichLucas Hernandez
19%
67.8 mi2018Man. CityRiyad Mahrez
18%
70 mi2018Atlético MadridThomas Lemar
13%

Distribuição das Pontuações

Percentil de Números Respondidos

Porcentagem de Pessoas com Cada Pontuação

Sua Pontuação Histórica

Você não jogou esse quiz